Top 10 U.S. Cities with the most Coffee Shops per capita - Statistics

General Stats
  • This quiz has been taken 92 times
  • The average score is 7 of 10
Answer Stats
People per coffee shop City State % Correct
2,297 San Francisco California
100%
2,308 Seattle Washington
98%
2,322 Portland Oregon
95%
2,387 Salt Lake City Utah
94%
2,427 Minneapolis Minnesota
90%
2,607 Pittsburgh Pennsylvania
78%
2,825 Ann Arbor Michigan
49%
2,224 Vancouver Washington
46%
2,073 Berkeley California
34%
2,752 Everett Washington
27%
No matching quizzes found
Score Distribution
Percent of People with Each Score
Percentile by Number Answered
Your Score History
You have not taken this quiz